00339nam a22001217a 4500003000400000020001800004082001800022100002300040245003200063260007500095300001200170650003500182SGT a9780323459815 a617.525bO16S aSteven J. Scrivani aOral and Maxillofacial Pain aPhiladelphia, United StatesbElsevier - Health Sciences Divisionc2016 a233-442 aOral and Maxillofacial Surgery